| LEADER |
00631nam0a2200205 450 |
| 001 |
16830035 |
| 010 |
|
|
|a 979-10-327-0188-1
|b br.
|d 6,9
|
| 100 |
|
|
|a 20180202d2018 u u0frey01 ba
|
| 101 |
1 |
|
|a fre
|c jpn
|
| 102 |
|
|
|a FR
|
| 200 |
0 |
|
|a Black torch
|f Tsuyoshi Takaki
|
| 207 |
|
1 |
|a
|
| 210 |
|
|
|a Paris
|c Ki-oon
|d 2018
|
| 215 |
|
|
|a 1 vol. (186 p.-[1] dépl.)
|c ill.
|d 18 cm
|
| 300 |
|
|
|a Trad. du japonais
|
| 461 |
|
0 |
|t Black torch
|v 1
|
| 700 |
|
0 |
|a Takaki
|b Tsuyoshi
|4 70
|
| 900 |
|
|
|a Bande Dessinée enfant ado
|
| 901 |
|
|
|a Accessible au prêt
|
| 995 |
|
|
|a Bibliothèque
|c Bibliothèque
|f 024018919
|h 024018919
|k BD TAK
|o p
|q j
|r az
|e Bibliothèque
|